[Event "Reykjavik Open 2016"]
[Site "Reykjavik ISL"]
[Date "2016.03.15"]
[Round "9.6"]
[White "Bromberger, Stefan"]
[Black "Melkumyan, Hrant"]
[Result "1/2-1/2"]
[WhiteTitle "GM"]
[BlackTitle "GM"]
[WhiteElo "2532"]
[BlackElo "2653"]
[WhiteFideId "4635248"]
[BlackFideId "13302485"]
[EventDate "2016.03.08"]

1. e4 e5 2. Nf3 Nc6 3. Bb5 a6 4. Ba4 Nf6 5. O-O Be7 6. Re1 b5 7. Bb3 d6 8. c3
O-O 9. h3 Bb7 10. d4 Re8 11. Nbd2 exd4 12. cxd4 Nd7 13. Nf1 Na5 14. Bc2 Bf6 15.
N1h2 c5 16. Ng4 Bxd4 17. Nxd4 cxd4 18. Qxd4 Rc8 19. Qd1 Ne5 20. Bd2 Nxg4 21.
hxg4 Nc4 22. Bc3 Qg5 23. a4 Rcd8 24. axb5 axb5 25. Ra7 Bc8 26. f3 Be6 27. Qd4
Ne5 28. Qf2 Nc6 29. Rb7 Rb8 30. Rxb8 Rxb8 31. b4 Qe7 32. Rd1 h6 33. Qg3 Rc8 34.
Bd3 Qa7+ 35. Qf2 Qa3 36. Qd2 Ne5 37. Bxe5 dxe5 38. Bxb5 Rb8 39. Bf1 Rxb4 40. Ra1
Qxa1 41. Qxb4 Qa7+ 42. Kh2 Kh7 43. Qd2 g5 44. g3 Qa1 45. Kg2 Kg6 46. Be2 Qb1 47.
Bd3 Qb6 48. Be2 Kf6 49. Qc3 Qd4 50. Qa3 Qd2 51. Kf1 Kg7 52. Qa1 Kf6 53. Qa3 Kg6
54. Qf8 Qc1+ 55. Kf2 Kh7 56. Qb4 Kg7 57. Bf1 Qa1 58. Qc5 Qa2+ 59. Be2 Qb2 60.
Kf1 Ba2 61. Kf2 Kh7 62. Ke3 Be6 63. Kf2 Kg7 64. Kf1 Qb8 65. Kf2 Kf6 66. Kf1 Qd8
67. Kg2 Qb8 68. Kf1 Kg6 69. Kg2 Qb2 70. Kf1 f6 71. Qe7 Bf7 72. Qf8 Qa1+ 73. Kf2
Qa4 74. Qe7 Bb3 75. Qb7 Qd4+ 76. Kf1 Bf7 77. Qe7 Qa1+ 78. Kf2 Qh1 79. Bf1 h5 80.
Bg2 Qh2 81. gxh5+ Qxh5 82. Qd7 g4 83. fxg4 Qh6 84. Qf5+ Kg7 85. g5 Qxg5 86.
Qxg5+ fxg5 87. Ke3 Kf6 88. Kd3 Bh5 89. Bh3 Bg6 90. Bg4 Ke7 91. Bf5 Bh5 92. Kc4
Kd6 93. g4 Bf7+ 94. Kb5 Ba2 95. Bc8 Bb1 96. Bf5 Bd3+ 97. Kb4 Bf1 98. Bg6 Bd3 99.
Bf5 Be2 100. Bc8 Bf3 101. Bf5 Kc6 102. Kc4 Bg2 103. Kb4 Bf1 104. Bg6 Kb6 105.
Bf5 Be2 1/2-1/2

[Event "Reykjavik Open 2016"]
[Site "Reykjavik ISL"]
[Date "2016.03.15"]
[Round "9.7"]
[White "Movsesian, Sergei"]
[Black "Tania, Sachdev"]
[Result "1/2-1/2"]
[WhiteTitle "GM"]
[BlackTitle "IM"]
[WhiteElo "2653"]
[BlackElo "2370"]
[WhiteFideId "310204"]
[BlackFideId "5007844"]
[EventDate "2016.03.08"]

1. c4 e5 2. Nc3 Nf6 3. Nf3 Nc6 4. a3 d5 5. cxd5 Nxd5 6. Qc2 Be7 7. e3 a6 8. Nxd5
Qxd5 9. Bd3 Qd6 10. b4 Be6 11. Bb2 Bf6 12. Be4 Bd5 13. Rc1 Bxe4 14. Qxe4 O-O 15.
O-O Rad8 16. Rc4 Qd3 17. Rfc1 Qxe4 18. Rxe4 Rd5 19. Bc3 g6 20. Rc4 Bg7 21. e4
Rd7 22. Kf1 Re8 23. Bb2 Bf8 24. Ke2 f6 25. g3 Kf7 26. Ne1 Bd6 27. Ke3 Nd8 28. f4
f5 29. fxe5 Bxe5 30. Bxe5 Rxe5 31. Nd3 Ree7 32. Nc5 Rd6 33. Rf1 b6 34. Nb3 b5
35. Rd4 Rxd4 36. Nxd4 Rxe4+ 37. Kd3 Ke7 38. h3 Kd6 39. g4 Ne6 40. Ne2 Re5 41.
Ng3 fxg4 42. hxg4 c5 43. Rf7 c4+ 44. Kc3 h5 45. gxh5 gxh5 46. d3 cxd3 47. Kxd3
Kd5 48. Rd7+ Kc6 49. Rh7 Rd5+ 50. Ke3 Re5+ 51. Kd3 Rd5+ 52. Ke3 Re5+ 1/2-1/2

[Event "Reykjavik Open 2016"]
[Site "Reykjavik ISL"]
[Date "2016.03.15"]
[Round "9.8"]
[White "Jones, Gawain C B"]
[Black "Holm, Kristian Stuvik"]
[Result "1-0"]
[WhiteTitle "GM"]
[BlackTitle "IM"]
[WhiteElo "2645"]
[BlackElo "2414"]
[WhiteFideId "409561"]
[BlackFideId "1508083"]
[EventDate "2016.03.08"]

1. g3 d5 2. Nf3 g6 3. Bg2 Bg7 4. O-O e5 5. d3 Ne7 6. e4 O-O 7. exd5 Nxd5 8. Nc3
Ne7 9. a4 a5 10. Re1 Nbc6 11. Nb5 h6 12. Be3 Re8 13. d4 exd4 14. Nfxd4 Nxd4 15.
Bxd4 Bxd4 16. Qxd4 Qxd4 17. Nxd4 c6 18. Nxc6 bxc6 19. Bxc6 Be6 20. Bxe8 Rxe8 21.
Re5 Nc6 22. Rc5 Nd4 23. h4 Rb8 24. b3 Bf5 25. Rd1 Nxc2 26. Rb5 Ra8 27. f3 Nb4
28. Rc1 Bd7 29. Rb7 Be6 30. Rc3 Rd8 31. Rb5 Rd2 32. g4 Nd5 33. Rc4 Rd3 34. Kf2
Nc3 35. Rb8+ Kg7 36. Rc5 Nd1+ 37. Ke1 Rxb3 38. Rcb5 Rd3 39. Rxa5 Nc3 40. g5 hxg5
41. hxg5 Rxf3 42. Raa8 f6 43. a5 fxg5 44. Rb7+ Rf7 45. a6 Bd5 46. Rxf7+ Kxf7 47.
Rc8 Na4 48. Rb8 Nc3 49. Kd2 Ne4+ 50. Ke3 Nf6 51. a7 Nh5 52. Kd4 Bg2 53. Rb5 Nf4
54. Ke5 Nd3+ 55. Kd6 g4 56. Rd5 Nf4 57. a8=Q Nxd5 58. Qb7+ Kg8 59. Qc8+ Kg7 60.
Qd7+ Kg8 61. Qxg4 1-0

[Event "Reykjavik Open 2016"]
[Site "Reykjavik ISL"]
[Date "2016.03.15"]
[Round "9.9"]
[White "Di Berardino, Diego Rafael"]
[Black "Grigoriants, Sergey"]
[Result "1/2-1/2"]
[WhiteTitle "IM"]
[BlackTitle "GM"]
[WhiteElo "2511"]
[BlackElo "2587"]
[WhiteFideId "2105446"]
[BlackFideId "4130804"]
[EventDate "2016.03.08"]

1. e4 c5 2. Nf3 d6 3. d4 cxd4 4. Nxd4 Nf6 5. Nc3 a6 6. Be2 e5 7. Nb3 Be7 8. Be3
Be6 9. O-O O-O 10. Qd2 Nbd7 11. a4 Nb6 12. a5 Nc4 13. Bxc4 Bxc4 14. Rfd1 Rc8 15.
Nc1 Be6 16. Bb6 Qd7 17. f3 Rc6 18. Nd3 Rfc8 19. Rac1 Rc4 20. Nb1 Bd8 21. Bxd8
Rxd8 22. b3 Rcc8 23. c4 Qc7 24. Qb4 Rb8 25. Nc3 b6 26. Nd5 Bxd5 27. cxd5 Qa7 28.
Kf1 h5 29. Rc6 bxa5 30. Qxa5 h4 31. Rxa6 Qe3 32. Qe1 Qxe1+ 1/2-1/2

[Event "Reykjavik Open 2016"]
[Site "Reykjavik ISL"]
[Date "2016.03.15"]
[Round "9.11"]
[White "Agdestein, Simen"]
[Black "Esserman, Marc"]
[Result "1/2-1/2"]
[WhiteTitle "GM"]
[BlackTitle "IM"]
[WhiteElo "2610"]
[BlackElo "2458"]
[WhiteFideId "1500015"]
[BlackFideId "2018616"]
[EventDate "2016.03.08"]

1. Nf3 d6 2. g3 g6 3. Bg2 Bg7 4. O-O f5 5. d3 Nf6 6. Nc3 e5 7. e4 fxe4 8. dxe4
O-O 9. h3 Nbd7 10. Be3 b6 11. b4 a5 12. Ng5 Nb8 13. b5 Qe8 14. Nd5 Ra7 15. a4
Nbd7 16. h4 h6 17. Nh3 Nxd5 18. Qxd5+ Kh7 19. f3 Nf6 20. Qd3 Be6 21. c4 Nd7 22.
Rac1 Ra8 23. Nf2 Rd8 24. Qd1 Qf7 25. Qc2 Nc5 26. f4 Qe7 27. h5 gxh5 28. f5 Bf7
29. Kh2 Bf6 30. Nh3 Rg8 31. Bf3 Rg7 32. Qd1 Rdg8 33. Rg1 h4 34. g4 Bg5 35. Nxg5+
hxg5 36. Rg2 Rd8 37. Rd2 Rgg8 38. Rc3 Nb7 39. Be2 Qf6 40. Kh3 Rge8 41. Bd3 Rc8
42. Qc2 Nc5 43. Be2 Red8 44. Ra3 Rb8 45. Ra1 Rbc8 1/2-1/2

[Event "Reykjavik Open 2016"]
[Site "Reykjavik ISL"]
[Date "2016.03.15"]
[Round "9.12"]
[White "Sarkar, Justin"]
[Black "Stefansson, Hannes"]
[Result "1-0"]
[WhiteTitle "IM"]
[BlackTitle "GM"]
[WhiteElo "2426"]
[BlackElo "2600"]
[WhiteFideId "2010011"]
[BlackFideId "2300087"]
[EventDate "2016.03.08"]

1. d4 Nf6 2. c4 e6 3. Nc3 Bb4 4. Qc2 b6 5. e4 c5 6. d5 Qe7 7. Be2 exd5 8. exd5
O-O 9. Nf3 d6 10. Be3 Bxc3+ 11. Qxc3 b5 12. b3 bxc4 13. bxc4 Ng4 14. Bf4 Bf5 15.
h3 Nf6 16. Qe3 Qd8 17. O-O Re8 18. Qd2 Ne4 19. Qb2 Nd7 20. Rac1 Qb6 21. Qxb6
axb6 22. Nh4 Bg6 23. Nxg6 hxg6 24. Rc2 g5 25. Bh2 Ra3 26. Bf3 Ndf6 27. Re1 Nc3
28. Kf1 Rxe1+ 29. Kxe1 Nxa2 30. Bxd6 Nb4 31. Rd2 Rc3 32. Be7 Nc2+ 33. Kd1 Nd4
34. d6 Nd7 35. Bg4 Ne6 36. Ra2 Rxc4 37. Ra8+ Kh7 38. Bf5+ g6 39. Bxe6 fxe6 40.
Ra7 1-0

[Event "Reykjavik Open 2016"]
[Site "Reykjavik ISL"]
[Date "2016.03.15"]
[Round "9.13"]
[White "Dvirnyy, Danyyil"]
[Black "Kjartansson, Gudmundur"]
[Result "0-1"]
[WhiteTitle "GM"]
[BlackTitle "IM"]
[WhiteElo "2572"]
[BlackElo "2446"]
[WhiteFideId "817570"]
[BlackFideId "2301318"]
[EventDate "2016.03.08"]

1. d4 Nf6 2. c4 e6 3. Nc3 Bb4 4. Qc2 b6 5. e4 c5 6. d5 Qe7 7. Ne2 exd5 8. exd5
O-O 9. Bd2 Bxc3 10. Qxc3 Ne4 11. Qe3 Re8 12. Bc1 Kf8 13. Qf4 b5 14. cxb5 c4 15.
f3 Qb4+ 16. Bd2 Qxb2 17. fxe4 Qxa1+ 18. Kf2 d6 19. Nc3 Nd7 20. Qxd6+ Kg8 21. Qc6
Rb8 22. Qxc4 Rb6 23. g3 Ne5 24. Qb3 Rf6+ 25. Bf4 Nd3+ 26. Ke3 Nxf4 27. gxf4 Qc1+
28. Kd3 Qxf4 29. Be2 Bg4 30. Qd1 Bxe2+ 31. Qxe2 Rh6 32. Qe3 Qe5 33. h4 f5 34.
Rh3 fxe4+ 0-1

[Event "Reykjavik Open 2016"]
[Site "Reykjavik ISL"]
[Date "2016.03.15"]
[Round "9.14"]
[White "Koop, Thorben"]
[Black "Ramirez, Alejandro"]
[Result "1/2-1/2"]
[WhiteTitle "IM"]
[BlackTitle "GM"]
[WhiteElo "2416"]
[BlackElo "2564"]
[WhiteFideId "24661619"]
[BlackFideId "6500617"]
[EventDate "2016.03.08"]

1. d4 d5 2. c4 c6 3. Nf3 Nf6 4. Qb3 e6 5. g3 dxc4 6. Qxc4 b5 7. Qc2 Bb7 8. Bg2
Nbd7 9. Ne5 Nxe5 10. dxe5 Nd7 11. Nc3 Qb6 12. a4 Nxe5 13. O-O b4 14. a5 Qa6 15.
Ne4 Nd7 16. Rd1 c5 17. Bf4 Bd5 18. Qa4 Rc8 19. Ng5 Qc6 20. Qxc6 Rxc6 21. e4 Bb3
22. Rd3 c4 23. Rxd7 Kxd7 24. Nxf7 Rg8 25. Ne5+ Kc7 26. Nxc4+ Kc8 27. Nd2 Bc2 28.
Bf1 Bd6 29. Be3 Bc5 30. Bf4 g5 31. Bb5 gxf4 32. Bxc6 fxg3 33. hxg3 Rxg3+ 34. Kh2
Rd3 35. Nc4 Kc7 36. Rc1 b3 37. Ba4 Rf3 38. Ne5 Rxf2+ 39. Kg3 Kd6 40. Bxb3 Bxb3
41. Rxc5 Kxc5 42. Kxf2 Kb5 43. Ke3 Kxa5 44. Nc6+ Kb6 45. Nd4 Ba2 46. b4 e5 47.
Ne2 h5 48. Nc3 Bb3 49. Kf2 Bc2 50. Kf3 Kc6 51. Ke3 Kd7 52. Kf3 Bd3 53. Ke3 Bc4
54. Kf3 Ke6 55. Kg3 Bd3 56. Kh4 Bxe4 57. Nxe4 Kd5 58. Nd2 Kd4 59. Nf3+ Ke4 60.
Ne1 Kd5 61. Kxh5 Kc4 62. Kg4 Kxb4 63. Kf5 Kc3 64. Kxe5 a5 65. Ke4 a4 66. Nd3 a3
67. Nc1 a2 68. Nxa2+ 1/2-1/2

[Event "Reykjavik Open 2016"]
[Site "Reykjavik ISL"]
[Date "2016.03.15"]
[Round "9.15"]
[White "Thorfinnsson, Bjorn"]
[Black "Tari, Aryan"]
[Result "0-1"]
[WhiteTitle "IM"]
[BlackTitle "IM"]
[WhiteElo "2410"]
[BlackElo "2553"]
[WhiteFideId "2300982"]
[BlackFideId "1510045"]
[EventDate "2016.03.08"]

1. c4 e5 2. g3 Nc6 3. Bg2 Bc5 4. e3 d6 5. Nc3 a6 6. Nge2 Ba7 7. Nd5 h5 8. b4 h4
9. Qa4 Be6 10. Nec3 Kf8 11. b5 axb5 12. cxb5 Bd4 13. Qxa8 Qxa8 14. Nxc7 Qb8 15.
bxc6 Bxc3 16. Rb1 Qxc7 17. cxb7 Qb8 18. Ba3 Ke7 19. dxc3 h3 20. Bc6 Nf6 21. O-O
Qc7 22. Rfd1 Qxc6 23. Bxd6+ Qxd6 24. Rxd6 Kxd6 25. b8=Q+ Rxb8 26. Rxb8 Bxa2 27.
f3 e4 28. fxe4 Nxe4 29. Rd8+ Ke5 30. Ra8 Bd5 31. Ra3 Nd2 32. Kf2 Nb1 33. Ra4
Nxc3 34. Rh4 Ne4+ 35. Ke2 Be6 36. Kf3 f5 37. Rh5 g5 38. Ke2 Bc4+ 39. Ke1 g4 40.
Rh8 Ng5 41. Rc8 Nf3+ 42. Kf2 Be6 43. Rc5+ Bd5 0-1

[Event "Reykjavik Open 2016"]
[Site "Reykjavik ISL"]
[Date "2016.03.15"]
[Round "9.16"]
[White "Shabalov, Alexander"]
[Black "Antal, Tibor Kende"]
[Result "1/2-1/2"]
[WhiteTitle "GM"]
[BlackTitle "FM"]
[WhiteElo "2520"]
[BlackElo "2406"]
[WhiteFideId "2008572"]
[BlackFideId "738581"]
[EventDate "2016.03.08"]

1. f4 g6 2. Nf3 Bg7 3. g3 d6 4. d4 c5 5. c3 cxd4 6. cxd4 Nf6 7. Nc3 O-O 8. Bg2
Nc6 9. O-O Bf5 10. Kh1 Ne4 11. Nh4 d5 12. Nxf5 gxf5 13. e3 e6 14. Bd2 Rc8 15.
Be1 Qb6 16. Qe2 Ne7 17. Rg1 Kh8 18. h3 Rg8 19. Bf3 Rc6 20. Bh5 Ng6 21. g4 Qd8
22. Nxe4 dxe4 23. gxf5 exf5 24. Qb5 Qc8 25. Bc3 Rd8 26. Rad1 a6 27. Qb3 Kg8 28.
a4 Qd7 29. Rd2 Qd5 30. Qxd5 Rxd5 31. Bd1 Nh4 32. Rg5 Rg6 33. Rh5 Bf6 34. Kh2 Kg7
35. Rc2 Rh6 36. Rxh6 Kxh6 37. Bb4 Rd7 38. Rc8 Ng6 39. Bb3 Kg7 40. a5 Be7 41. Bc3
Bd8 42. Ba4 Rd6 43. Rb8 Nh4 44. Kg3 Nf3 45. Kf2 Bh4+ 46. Ke2 Ng1+ 47. Kd2 Nxh3
48. Rxb7 Rg6 49. Kc2 Bf2 50. Be8 Bxe3 51. Rxf7+ Kh6 52. Rxf5 Rg2+ 53. Kb3 Nxf4
54. Rf6+ Kg5 55. Rxa6 Bd2 56. Bc6 Bxc3 57. bxc3 e3 58. Ra8 e2 59. Re8 Rg1 60. a6
Rb1+ 61. Kc4 Rb6 62. Bf3 Rxa6 63. Re5+ Kf6 64. Bxe2 Re6 65. Rxe6+ Kxe6 66. Bf3
Kd6 67. Kb5 Ne6 68. Kc4 Nf4 69. Kb5 Ne6 70. Bg4 Nxd4+ 1/2-1/2

[Event "Reykjavik Open 2016"]
[Site "Reykjavik ISL"]
[Date "2016.03.15"]
[Round "9.17"]
[White "Liang, Awonder"]
[Black "Danielsen, Henrik"]
[Result "1-0"]
[WhiteTitle "IM"]
[BlackTitle "GM"]
[WhiteElo "2405"]
[BlackElo "2488"]
[WhiteFideId "2056437"]
[BlackFideId "1400185"]
[EventDate "2016.03.08"]

1. e4 d5 2. exd5 Qxd5 3. Nc3 Qd8 4. d4 Nf6 5. Nf3 Bg4 6. Be3 e6 7. h3 Bxf3 8.
Qxf3 c6 9. Be2 Bb4 10. O-O O-O 11. Ne4 Nxe4 12. Qxe4 Bd6 13. c4 Nd7 14. Rfd1 a5
15. Qc2 Qc7 16. Bf3 Nf6 17. Bg5 Be7 18. a3 Rfd8 19. Rab1 h6 20. Be3 Rac8 21.
Rbc1 b6 22. Qc3 Qb8 23. Rd3 Rd7 24. Qd2 c5 25. dxc5 Rxd3 26. Qxd3 Bxc5 27. Qc3
Bxe3 28. Qxe3 Qc7 29. b4 axb4 30. axb4 Qd6 31. c5 bxc5 32. bxc5 Qc7 33. c6 Rd8
34. Qc5 Rd6 35. Qxd6 1-0

[Event "Reykjavik Open 2016"]
[Site "Reykjavik ISL"]
[Date "2016.03.15"]
[Round "9.18"]
[White "Andersen, Mads"]
[Black "Kavutskiy, Konstantin"]
[Result "1/2-1/2"]
[WhiteTitle "IM"]
[BlackTitle "FM"]
[WhiteElo "2479"]
[BlackElo "2369"]
[WhiteFideId "1413864"]
[BlackFideId "2026384"]
[EventDate "2016.03.08"]

1. d4 Nf6 2. c4 g6 3. Nf3 Bg7 4. Nc3 O-O 5. Bg5 d6 6. e3 h6 7. Bh4 Nbd7 8. Be2
g5 9. Bg3 Nh5 10. Qc2 e6 11. Nd2 Nxg3 12. hxg3 a6 13. O-O-O Qe7 14. f4 c5 15. d5
e5 16. Bd3 g4 17. Bh7+ Kh8 18. Bf5 b5 19. Bxg4 b4 20. Na4 f5 21. Bf3 Rb8 22.
Rde1 e4 23. Bd1 Nf6 24. Nf1 Bd7 25. Qb3 Nxd5 26. g4 fxg4 27. Ng3 Nf6 28. Qc2 d5
29. cxd5 c4 30. Kb1 Rfc8 31. Qd2 c3 32. Qd4 Nh5 33. Qxe4 cxb2 34. Bc2 Qxe4 35.
Nxe4 Rxc2 36. Nac5 Rc4 37. Nxd7 Rd8 38. Ne5 Bxe5 39. fxe5 Rxe4 40. Rxh5 Rxd5 41.
Rxh6+ Kg7 42. Rxa6 Rdxe5 43. Rb6 Rxe3 44. Rxe3 Rxe3 45. Rxb4 Re1+ 46. Kxb2 Re2+
47. Kb3 Rxg2 48. a4 Rg3+ 49. Kb2 Rg2+ 1/2-1/2

[Event "Reykjavik Open 2016"]
[Site "Reykjavik ISL"]
[Date "2016.03.15"]
[Round "9.19"]
[White "Vojinovic, Jovana"]
[Black "Lampert, Jonas"]
[Result "1/2-1/2"]
[WhiteTitle "WGM"]
[BlackTitle "IM"]
[WhiteElo "2366"]
[BlackElo "2472"]
[WhiteFideId "937266"]
[BlackFideId "1303759"]
[EventDate "2016.03.08"]

1. c4 e5 2. Nc3 Nf6 3. Nf3 Nc6 4. e3 Bb4 5. Qc2 O-O 6. Nd5 Nxd5 7. cxd5 Ne7 8.
Bc4 d6 9. O-O Bg4 10. Ne1 Qd7 11. a3 Bc5 12. b4 Bb6 13. Bb2 c6 14. dxc6 Qxc6 15.
Bd3 Qxc2 16. Nxc2 Rac8 17. Rfc1 f6 18. a4 d5 19. a5 Bc7 20. a6 bxa6 21. Bxa6 Rb8
22. d4 Bd6 23. b5 Bc8 24. Ba3 Bxa3 25. Rxa3 Nf5 26. dxe5 fxe5 27. Nb4 Bxa6 28.
Nxa6 Rxb5 29. Nc7 Rc8 30. Rac3 d4 31. Nxb5 dxc3 32. Rxc3 Rxc3 33. Nxc3 Kf7 34.
Kf1 Ke6 35. Ke2 Kd6 36. Kd3 a6 37. Kc4 Kc6 38. Kb4 Nh4 39. g3 Nf3 40. h4 Nh2 41.
e4 Nf3 42. Kc4 a5 43. Nd5 g6 44. Ne7+ Kd6 45. Nc8+ Ke6 46. Nb6 Nh2 47. Na4 Kd6
48. Nc5 Ng4 49. Nb7+ Ke6 50. Nc5+ Kd6 51. Nb7+ Ke6 52. Nc5+ Kd6 1/2-1/2

[Event "Reykjavik Open 2016"]
[Site "Reykjavik ISL"]
[Date "2016.03.15"]
[Round "9.20"]
[White "Brunello, Marina"]
[Black "Petrov, Nikita"]
[Result "0-1"]
[WhiteTitle "FM"]
[BlackTitle "IM"]
[WhiteElo "2363"]
[BlackElo "2464"]
[WhiteFideId "822590"]
[BlackFideId "4101286"]
[EventDate "2016.03.08"]

1. e4 e5 2. Nf3 Nc6 3. Bc4 Nf6 4. d3 Be7 5. c3 O-O 6. Bb3 d5 7. Qe2 dxe4 8. dxe4
Bc5 9. Bg5 h6 10. Bh4 Qe7 11. Nbd2 Be6 12. Ba4 Bd7 13. O-O g5 14. Bg3 Nh5 15. b4
Bd6 16. Rfe1 a5 17. b5 Nd8 18. Nc4 Nf4 19. Bxf4 gxf4 20. Red1 Bg4 21. Rd5 Ne6
22. Ncxe5 Bxe5 23. Rxe5 Qf6 24. Rd5 Qxc3 25. Rad1 Ng5 26. R5d3 Qg7 27. Kh1 Rae8
28. Rd4 Kh8 29. Qd3 Nxf3 30. gxf3 Rg8 31. Rd7 Bh5 0-1

[Event "Reykjavik Open 2016"]
[Site "Reykjavik ISL"]
[Date "2016.03.15"]
[Round "9.21"]
[White "Marin, Mihail"]
[Black "Papp, Petra"]
[Result "1/2-1/2"]
[WhiteTitle "GM"]
[BlackTitle "WGM"]
[WhiteElo "2597"]
[BlackElo "2325"]
[WhiteFideId "1200020"]
[BlackFideId "739049"]
[EventDate "2016.03.08"]

1. c4 c5 2. g3 g6 3. Bg2 Bg7 4. Nc3 Nc6 5. Nf3 d6 6. O-O e6 7. a3 Nge7 8. Rb1
O-O 9. d3 b6 10. Bd2 Bb7 11. b4 Qd7 12. e3 Rac8 13. Qe2 Nf5 14. Rfc1 Rfd8 15.
Nb5 Ba8 16. Bc3 Ne5 17. Bxe5 dxe5 18. Ne1 Bxg2 19. Kxg2 Qe7 20. bxc5 Rxc5 21. a4
Nd6 22. Nxd6 Qxd6 23. Rb5 a6 24. Rxc5 bxc5 25. Rb1 Qc6+ 26. Qf3 Qxa4 27. Rb7 Rf8
28. Ra7 Qa5 29. Kf1 Qb6 30. Rb7 Qd6 31. Ra7 Qb6 32. Rb7 Qd6 33. Ra7 Qb6 1/2-1/2

[Event "Reykjavik Open 2016"]
[Site "Reykjavik ISL"]
[Date "2016.03.15"]
[Round "9.22"]
[White "Gretarsson, Hjorvar Steinn"]
[Black "Lind, Jan-Olov"]
[Result "1-0"]
[WhiteTitle "GM"]
[WhiteElo "2572"]
[BlackElo "2234"]
[WhiteFideId "2302241"]
[BlackFideId "1701193"]
[EventDate "2016.03.08"]

1. d4 Nf6 2. c4 g6 3. Nc3 Bg7 4. e4 d6 5. f3 O-O 6. Nge2 a6 7. Be3 Nc6 8. Qd2
Rb8 9. Rc1 Bd7 10. Nd1 Re8 11. Nf2 b5 12. c5 dxc5 13. Rxc5 e5 14. d5 Ne7 15. Qc1
Rb7 16. Rc2 b4 17. Nd3 c6 18. Nc5 Ra7 19. dxc6 Bxc6 20. Ne6 fxe6 21. Bxa7 Qa8
22. Bc5 b3 23. axb3 Nf5 24. exf5 exf5 25. Ng3 f4 26. Bc4+ Kh8 27. Ne2 e4 28. O-O
exf3 29. Nxf4 fxg2 30. Re1 Rxe1+ 31. Qxe1 Be4 32. Rd2 Ng4 33. Qh4 Nf6 34. Ne6 1-0

[Event "Reykjavik Open 2016"]
[Site "Reykjavik ISL"]
[Date "2016.03.15"]
[Round "9.23"]
[White "Ly, Moulthun"]
[Black "Kristinsson, Jon"]
[Result "1-0"]
[WhiteTitle "IM"]
[WhiteElo "2500"]
[BlackElo "2211"]
[WhiteFideId "3204405"]
[BlackFideId "2300141"]
[EventDate "2016.03.08"]

1. e4 c5 2. Nf3 d6 3. d4 cxd4 4. Nxd4 Nf6 5. Nc3 g6 6. Be3 Bg7 7. f3 Nc6 8. Qd2
O-O 9. O-O-O Bd7 10. Kb1 Rc8 11. g4 Ne5 12. h4 h5 13. g5 Ne8 14. Be2 Nc7 15. f4
Ng4 16. f5 Nxe3 17. Qxe3 Be5 18. Rhf1 e6 19. fxg6 fxg6 20. Nf3 Bxc3 21. Qxc3 Bc6
22. Qe3 Qe7 23. Nd4 Bd7 24. e5 Nd5 25. Qe4 dxe5 26. Rxf8+ Rxf8 27. Nf3 Nf4 28.
Nxe5 Be8 29. Bc4 Kh7 30. Rf1 Nd5 31. Rxf8 Qxf8 32. a3 Qd6 33. Bd3 Qb6 34. Ka2
Qe3 35. c4 Qxe4 36. Bxe4 Ne3 37. Bxb7 Nf5 38. c5 1-0

[Event "Reykjavik Open 2016"]
[Site "Reykjavik ISL"]
[Date "2016.03.15"]
[Round "9.24"]
[White "Kristjansson, Stefan"]
[Black "Karlsson, Mikael Johann"]
[Result "1-0"]
[WhiteTitle "GM"]
[WhiteElo "2478"]
[BlackElo "2164"]
[WhiteFideId "2301172"]
[BlackFideId "2305194"]
[EventDate "2016.03.08"]

1. e4 c5 2. c3 Nf6 3. e5 Nd5 4. Bc4 Nb6 5. Bb3 Nc6 6. Nf3 e6 7. d4 cxd4 8. cxd4
d6 9. exd6 Qxd6 10. Nc3 Ne7 11. O-O g6 12. Ne4 Qc7 13. Nf6+ Kd8 14. Bg5 Nbd5 15.
Rc1 Qa5 16. Ne5 Nxf6 17. Bxf6 Rg8 18. d5 Ke8 19. dxe6 fxe6 20. Rxc8+ 1-0

[Event "Reykjavik Open 2016"]
[Site "Reykjavik ISL"]
[Date "2016.03.15"]
[Round "9.25"]
[White "Viana, Dirceu"]
[Black "Tan, Justin2"]
[Result "1/2-1/2"]
[WhiteTitle "FM"]
[BlackTitle "IM"]
[WhiteElo "2261"]
[BlackElo "2441"]
[WhiteFideId "2101360"]
[BlackFideId "3206882"]
[EventDate "2016.03.08"]

1. e4 e6 2. d4 d5 3. Nd2 c5 4. Ngf3 Nc6 5. Bb5 a6 6. Bxc6+ bxc6 7. O-O Nf6 8. e5
Nd7 9. c4 Be7 10. Qa4 Qc7 11. cxd5 exd5 12. Nb3 a5 13. dxc5 Nxc5 14. Nxc5 Bxc5
15. Bf4 Qb6 16. Bg3 O-O 17. Rac1 Bf5 18. Rfd1 Rfc8 19. Qf4 Bg6 20. h4 Bf8 21.
Qg4 Qb4 22. Rd4 Qxb2 23. Rcd1 h5 24. Qd7 Bc5 25. R4d2 Qb8 26. Rc1 Rd8 27. Qxc6
Rc8 28. Rxc5 Rxc6 29. Rxc6 Qb4 30. Rd1 Bf5 31. Ng5 d4 32. e6 fxe6 33. Rc7 d3 34.
Be5 Qb6 35. Rxg7+ Kf8 36. Rf7+ Ke8 37. Rg7 Ra7 38. Rg8+ Kd7 39. Rc1 Qa6 40. Rg7+
Ke8 41. Rg8+ Kd7 42. Rg7+ Ke8 43. Rg8+ 1/2-1/2

[Event "Reykjavik Open 2016"]
[Site "Reykjavik ISL"]
[Date "2016.03.16"]
[Round "10.1"]
[White "Gupta, Abhijeet"]
[Black "Rambaldi, Francesco"]
[Result "1/2-1/2"]
[WhiteTitle "GM"]
[BlackTitle "GM"]
[WhiteElo "2634"]
[BlackElo "2541"]
[WhiteFideId "5010608"]
[BlackFideId "20657307"]
[EventDate "2016.03.08"]

1. d4 Nf6 2. c4 e6 3. Nf3 d5 4. g3 Be7 5. Bg2 O-O 6. O-O dxc4 7. Qc2 a6 8. Qxc4
b5 9. Qc2 Bb7 10. Bd2 Be4 11. Qc1 c6 12. Bg5 Bxf3 13. Bxf3 Qxd4 14. a4 b4 15.
Rd1 Qa7 16. Nd2 Nd5 17. Nc4 Nd7 18. e4 Bxg5 19. Qxg5 N5f6 20. Rac1 a5 21. Kg2 h6
22. Qe3 Qxe3 23. Nxe3 Rfc8 24. Nc4 Kf8 25. Nd6 Rc7 26. Nb5 Rcc8 27. Nd6 Rc7 28.
Nb5 Rcc8 29. Nd6 Rc7 30. Nb5 Rcc8 1/2-1/2

[Event "Reykjavik Open 2016"]
[Site "Reykjavik ISL"]
[Date "2016.03.16"]
[Round "10.2"]
[White "Mamedyarov, Shakhriyar"]
[Black "Cheparinov, Ivan"]
[Result "1/2-1/2"]
[WhiteTitle "GM"]
[BlackTitle "GM"]
[WhiteElo "2747"]
[BlackElo "2684"]
[WhiteFideId "13401319"]
[BlackFideId "2905540"]
[EventDate "2016.03.08"]

1. d4 Nf6 2. Nf3 d5 3. g3 e6 4. Bg2 Be7 5. O-O O-O 6. a3 Nbd7 7. c4 dxc4 8. Nbd2
b5 9. a4 c6 10. axb5 cxb5 11. Ne5 Nxe5 12. Bxa8 Qxd4 13. Ne4 Qxd1 14. Nxf6+ Bxf6
15. Rxd1 a6 16. Be3 g5 17. Bc5 Re8 18. Bd4 Kg7 19. Bc3 Ng6 20. Bc6 Bxc3 21. bxc3
Re7 22. Kf1 Rc7 23. Bg2 Ne5 24. Ke1 Nd7 25. Kd2 Nc5 26. Kc2 Nb3 27. Ra2 a5 28.
Kb2 Bd7 29. Be4 h6 30. Bc2 a4 31. Rd6 Kf6 32. Ka3 Ke7 33. Rb6 Rc5 34. Kb4 Rd5
35. e4 Rd6 36. Rxd6 Kxd6 37. Bxb3 cxb3 38. Rd2+ Ke7 39. f4 gxf4 40. gxf4 Bc6 41.
e5 f6 42. Rd1 Be4 43. Ka3 Bd5 44. Re1 Kf7 45. Rg1 fxe5 46. fxe5 Bc4 47. Rg3 Bd5
48. h4 h5 49. Rg1 Bc4 1/2-1/2